[Event "Kostroma Summer"]
[Site "Kostroma"]
[Date "2013.07.07"]
[Round "4"]
[White "Vorontsov, Nikolay"]
[Black "Tsyhanchuk, Stanislav"]
[Result "1/2-1/2"]
[WhiteElo "2306"]
[BlackElo "2412"]
[PlyCount "21"]
[EventDate "2013.07.04"]
[EventType "tourn"]
[EventRounds "9"]
[EventCountry "RUS"]
[EventCategory "1"]
[SourceTitle "EXT 2014"]
[Source "ChessBase"]
[SourceDate "2013.11.20"]
[SourceVersion "1"]
[SourceVersionDate "2013.11.20"]
[SourceQuality "1"]

1. e4 e5 2. Nf3 Nc6 3. Bb5 a6 4. Ba4 Nf6 5. 0-0 Be7 6. Re1 b5 7. Bb3 d6 8. c3 0-0 9. h3 Re8 10. Ng5 Rf8 11. Nf3 1/2-1/2

[Event "Yakutsk op"]
[Site "Yakutsk"]
[Date "2012.12.18"]
[Round "1"]
[White "Mestnikov, Aisen"]
[Black "Vorontsov, Nikolay"]
[Result "0-1"]
[WhiteElo "1670"]
[BlackElo "2314"]
[PlyCount "62"]
[EventDate "2012.12.17"]
[EventType "swiss"]
[EventRounds "9"]
[EventCountry "RUS"]
[SourceTitle "CBM 152 Extra"]
[Source "ChessBase"]
[SourceDate "2013.02.25"]
[SourceVersion "1"]
[SourceVersionDate "2013.02.25"]
[SourceQuality "1"]

1. d4 Nf6 2. c4 g6 3. Nf3 Bg7 4. g3 c6 5. Bg2 d5 6. 0-0 0-0 7. Nbd2 Bf5 8. b3 Nbd7 9. Bb2 Ne4 10. Re1 Qa5 11. Nxe4 Bxe4 12. Nh4 Bxg2 13. Nxg2 Rad8 14. Qc2 dxc4 15. bxc4 Nb6 16. e3 Qa4 17. Qxa4 Nxa4 18. Ba3 Rd7 19. Rab1 Rfd8 20. f3 e5 21. dxe5 Bxe5 22. e4 b6 23. Ne3 Rd2 24. Rbd1 Nc3 25. Rxd2 Rxd2 26. Bb4 Rd3 27. Bxc3 Rxc3 28. Kg2 Bd4 29. Ng4 h5 30. Nf2 Rc2 31. Rf1 Rxa2 0-1

[Event "Yakutsk Nikolaev Memorial"]
[Site "Yakutsk"]
[Date "2012.12.16"]
[Round "9"]
[White "Mischuk, Dmitry"]
[Black "Vorontsov, Nikolay"]
[Result "1/2-1/2"]
[WhiteElo "2307"]
[BlackElo "2306"]
[PlyCount "23"]
[EventDate "2012.12.12"]
[EventType "tourn"]
[EventRounds "9"]
[EventCountry "RUS"]
[EventCategory "2"]
[SourceTitle "CBM 152 Extra"]
[Source "ChessBase"]
[SourceDate "2013.02.25"]
[SourceVersion "1"]
[SourceVersionDate "2013.02.25"]
[SourceQuality "1"]

1. d4 d5 2. c4 e6 3. Nf3 Nf6 4. Nc3 Nbd7 5. cxd5 exd5 6. Bg5 Be7 7. e3 0-0 8. Bd3 c6 9. 0-0 Re8 10. Qc2 Nf8 11. h3 h6 12. Bh4 1/2-1/2

[Event "Kostroma Volga Cup"]
[Site "Kostroma"]
[Date "2012.07.10"]
[Round "7"]
[White "Mikhailov, Viacheslav"]
[Black "Vorontsov, Nikolay"]
[Result "1/2-1/2"]
[WhiteElo "2293"]
[BlackElo "2314"]
[PlyCount "137"]
[EventDate "2012.07.04"]
[EventType "tourn"]
[EventRounds "9"]
[EventCountry "RUS"]
[EventCategory "3"]
[SourceTitle "EXT 2013"]
[Source "ChessBase"]
[SourceDate "2012.11.22"]
[SourceVersion "1"]
[SourceVersionDate "2012.11.22"]
[SourceQuality "1"]

1. e4 c6 2. Nc3 d5 3. Nf3 Bg4 4. h3 Bxf3 5. Qxf3 e6 6. Be2 Nd7 7. 0-0 Ngf6 8. d3 Bd6 9. Bf4 Qc7 10. Bxd6 Qxd6 11. Rab1 0-0 12. Rfe1 b5 13. Bf1 Rad8 14. g3 b4 15. Nd1 dxe4 16. dxe4 Ne5 17. Qe2 Qc5 18. Bg2 Rd4 19. c3 bxc3 20. Nxc3 Rfd8 21. Red1 Nc4 22. Rxd4 Rxd4 23. Rd1 e5 24. Na4 Qb5 25. b3 Nd6 26. Qc2 g6 27. Rxd4 exd4 28. Nc5 d3 29. Nxd3 Nfxe4 30. Nf4 Qb4 31. Bf3 Qd4 32. Kg2 c5 33. h4 h5 34. Nh3 Nd2 35. Ng5 Nxf3 36. Nxf3 Qd5 37. Qe2 c4 38. bxc4 Nxc4 39. Kh2 Nd6 40. Ng5 Qd4 41. Qf3 Kg7 42. Qxf7+ Nxf7 43. Ne6+ Kf6 44. Nxd4 a6 45. f4 Nd6 46. Kg2 Nf5 47. Nc6 Ke6 48. Kf3 Kd6 49. Ne5 Ne7 50. Ke4 Kc5 51. Nxg6 Nxg6 52. Kf5 Ne7+ 53. Kg5 Kd6 54. f5 Kd7 55. f6 Nd5 56. Kg6 Ke6 57. f7 Ne7+ 58. Kxh5 Kxf7 59. Kg5 a5 60. h5 a4 61. a3 Nd5 62. g4 Ne3 63. h6 Kg8 64. Kf4 Nc4 65. Ke4 Nxa3 66. Kd3 Nb5 67. Kc4 Kh7 68. g5 a3 69. Kb3 1/2-1/2

[Event "Novaya Ladoga Zinder Memorial"]
[Site "Novaya Ladoga"]
[Date "2012.07.03"]
[Round "9"]
[White "Vorontsov, Nikolay"]
[Black "Mishuchkov, Nikolai Mikhailovic"]
[Result "1/2-1/2"]
[WhiteElo "2314"]
[BlackElo "2418"]
[PlyCount "29"]
[EventDate "2012.06.24"]
[EventType "tourn"]
[EventRounds "9"]
[EventCountry "RUS"]
[SourceTitle "EXT 2013"]
[Source "ChessBase"]
[SourceDate "2012.11.22"]
[SourceVersion "1"]
[SourceVersionDate "2012.11.22"]
[SourceQuality "1"]

1. e4 e5 2. Nf3 Nc6 3. Bb5 Nf6 4. Bxc6 dxc6 5. 0-0 Bg4 6. h3 h5 7. c3 Qd3 8. hxg4 hxg4 9. Nxe5 Bd6 10. Nxd3 Bh2+ 11. Kh1 Bg3+ 12. Kg1 Bh2+ 13. Kh1 Bg3+ 14. Kg1 Bh2+ 15. Kh1 1/2-1/2

[Event "Shepsi"]
[Site "Shepsi"]
[Date "2011.08.??"]
[Round "7"]
[White "Vorontsov, Nikolay"]
[Black "Krylov, Ivan"]
[Result "1-0"]
[WhiteElo "2302"]
[BlackElo "2131"]
[PlyCount "85"]
[EventDate "2011.08.??"]
[EventType "tourn"]
[EventRounds "9"]
[EventCountry "RUS"]
[SourceTitle "EXT 2012"]
[Source "ChessBase"]
[SourceDate "2011.11.24"]
[SourceVersion "1"]
[SourceVersionDate "2011.11.24"]
[SourceQuality "1"]

1. d4 Nf6 2. Nf3 c5 3. e3 g6 4. c3 cxd4 5. exd4 Bg7 6. Bd3 d6 7. 0-0 0-0 8. Re1 Nc6 9. Bg5 h6 10. Bh4 Qc7 11. Na3 Bg4 12. h3 Bxf3 13. Qxf3 Rab8 14. Nc4 b5 15. Ne3 Qd7 16. b4 Nh7 17. a4 a6 18. axb5 axb5 19. Ra6 Rfc8 20. Nd5 Bf8 21. Rea1 Qe8 22. Be4 Ra8 23. Nxe7+ Bxe7 24. Bxc6 Rxa6 25. Rxa6 Rxc6 26. Qxc6 Qxc6 27. Rxc6 Bxh4 28. Rxd6 Nf6 29. Rd8+ Kg7 30. g3 Ne4 31. gxh4 Nxc3 32. Kg2 Kf6 33. Rd6+ Ke7 34. Rb6 Ne2 35. Rxb5 Nxd4 36. Rb7+ Ke6 37. h5 Ne2 38. hxg6 fxg6 39. Rh7 Nf4+ 40. Kh2 h5 41. b5 Nd5 42. h4 Kd6 43. Rg7 1-0

[Event "Kostroma Volga Cup (Women)"]
[Site "Kostroma"]
[Date "2010.07.08"]
[Round "8.3"]
[White "Vorontsov, Nikolay"]
[Black "Karibaeva, Elvira"]
[Result "0-1"]
[WhiteElo "2310"]
[BlackElo "2142"]
[PlyCount "100"]
[EventDate "2010.07.03"]
[EventType "tourn"]
[EventRounds "11"]
[EventCountry "RUS"]
[SourceTitle "EXT 2011"]
[Source "ChessBase"]
[SourceDate "2010.11.26"]
[SourceVersion "1"]
[SourceVersionDate "2010.11.26"]
[SourceQuality "1"]

1. e4 d6 2. d4 Nf6 3. Nc3 g6 4. Nf3 Bg7 5. g3 0-0 6. Bg2 c5 7. 0-0 cxd4 8. Nxd4 Nc6 9. Nxc6 bxc6 10. h3 Rb8 11. Rb1 Be6 12. Be3 Qd7 13. Kh2 Rfd8 14. f4 d5 15. exd5 Nxd5 16. Nxd5 Bxd5 17. Bxd5 Qxd5 18. Qxd5 cxd5 19. Bxa7 Rxb2 20. Rxb2 Bxb2 21. Rb1 Ra8 22. Rxb2 Rxa7 23. Kg2 Kg7 24. Kf2 Ra3 25. Rb5 e6 26. Rb2 Kf6 27. c4 dxc4 28. Rc2 Ra4 29. Ke3 e5 30. Ke4 exf4 31. gxf4 Ke6 32. Kd4 Kf5 33. Rxc4 Rxa2 34. Rc7 f6 35. Rxh7 Kxf4 36. Rf7 f5 37. Rh7 Kg3 38. Rh6 Ra6 39. h4 f4 40. h5 Ra4+ 41. Kd3 gxh5 42. Rxh5 f3 43. Rf5 Rf4 44. Rg5+ Kh4 45. Rg1 f2 46. Rf1 Kg3 47. Ke3 Ra4 48. Rc1 Ra3+ 49. Ke2 Kg2 50. Rb1 Ra2+ 0-1

[Event "Kostroma Volga Cup (Women)"]
[Site "Kostroma"]
[Date "2010.07.06"]
[Round "6.5"]
[White "Vorontsov, Nikolay"]
[Black "Petrova, Irina"]
[Result "1-0"]
[WhiteElo "2310"]
[BlackElo "2014"]
[PlyCount "55"]
[EventDate "2010.07.03"]
[EventType "tourn"]
[EventRounds "11"]
[EventCountry "RUS"]
[SourceTitle "EXT 2011"]
[Source "ChessBase"]
[SourceDate "2010.11.26"]
[SourceVersion "1"]
[SourceVersionDate "2010.11.26"]
[SourceQuality "1"]

1. e4 g6 2. d4 Bg7 3. Nf3 d6 4. Nc3 c6 5. h3 b5 6. Bd3 Nf6 7. 0-0 0-0 8. Bg5 h6 9. Bh4 b4 10. Nb1 Bb7 11. Nbd2 Qc7 12. e5 Nd5 13. Nc4 dxe5 14. Bg3 Nd7 15. Nfxe5 Nxe5 16. Nxe5 Qc8 17. Re1 a5 18. a3 Nf6 19. Bc4 c5 20. Nxg6 Re8 21. Nxe7+ Rxe7 22. Rxe7 Nd5 23. Rxb7 Qxb7 24. Qf3 Rd8 25. dxc5 Bxb2 26. Rd1 bxa3 27. Rxd5 Rxd5 28. Qxd5 1-0

[Event "Kostroma Volga Cup (Women)"]
[Site "Kostroma"]
[Date "2010.07.04"]
[Round "4.4"]
[White "Vorontsov, Nikolay"]
[Black "Tantsiura, Marja"]
[Result "1/2-1/2"]
[WhiteElo "2310"]
[BlackElo "2030"]
[PlyCount "47"]
[EventDate "2010.07.03"]
[EventType "tourn"]
[EventRounds "11"]
[EventCountry "RUS"]
[SourceTitle "EXT 2011"]
[Source "ChessBase"]
[SourceDate "2010.11.26"]
[SourceVersion "1"]
[SourceVersionDate "2010.11.26"]
[SourceQuality "1"]

1. Nf3 Nf6 2. d4 g6 3. Bf4 Bg7 4. h3 0-0 5. e3 d6 6. c3 c5 7. Nbd2 b6 8. Be2 Bb7 9. 0-0 Nbd7 10. Bh2 a6 11. a4 Re8 12. b4 e5 13. Qb3 Rb8 14. Rad1 Qe7 15. dxe5 dxe5 16. Nc4 Ne4 17. Nfd2 b5 18. axb5 axb5 19. Nxe4 bxc4 20. Qxc4 Nb6 21. Qd3 cxb4 22. cxb4 Qxb4 23. Nd6 Red8 24. Qb5 1/2-1/2

[Event "Elets-B"]
[Site "Elets"]
[Date "2009.09.16"]
[Round "6"]
[White "Ajrapetian, Gevorg"]
[Black "Vorontsov, Nikolay"]
[Result "1-0"]
[WhiteElo "2390"]
[BlackElo "2312"]
[PlyCount "83"]
[EventDate "2009.09.12"]
[EventType "tourn"]
[EventRounds "11"]
[EventCountry "RUS"]
[SourceTitle "CBM 132 Extra"]
[Source "ChessBase"]
[SourceDate "2009.11.03"]
[SourceVersion "1"]
[SourceVersionDate "2009.11.03"]
[SourceQuality "1"]

1. e4 c5 2. Nf3 g6 3. c4 Bg7 4. d4 cxd4 5. Nxd4 Nc6 6. Be3 Nf6 7. Nc3 Ng4 8. Qxg4 Nxd4 9. Qd1 Ne6 10. Rc1 Qa5 11. Be2 b6 12. 0-0 Bb7 13. f3 g5 14. Rf2 h5 15. Bf1 h4 16. Rd2 d6 17. Nd5 Bc6 18. Rb1 Qa4 19. Qc1 Rc8 20. b3 Qa6 21. b4 Qb7 22. Qd1 Qa8 23. a4 Be5 24. b5 Bxd5 25. exd5 Nf4 26. Ra2 Qb7 27. a5 0-0 28. axb6 axb6 29. Ra6 Rc5 30. Rb3 Qc7 31. g3 hxg3 32. hxg3 Ng6 33. Bxg5 Bxg3 34. f4 Bxf4 35. Bxf4 Nxf4 36. Qg4+ Ng6 37. Bd3 Kg7 38. Ra2 Rh8 39. Bxg6 fxg6 40. Rg3 Rh6 41. Qd4+ Kg8 42. Ra8+ 1-0

[Event "Kostroma Volga Cup"]
[Site "Kostroma"]
[Date "2009.07.09"]
[Round "9"]
[White "Morozov, Grigory"]
[Black "Vorontsov, Nikolay"]
[Result "0-1"]
[WhiteElo "2301"]
[BlackElo "2312"]
[PlyCount "130"]
[EventDate "2009.07.03"]
[EventType "tourn"]
[EventRounds "11"]
[EventCountry "RUS"]
[SourceTitle "CBM 131 Extra"]
[Source "ChessBase"]
[SourceDate "2009.09.03"]
[SourceVersion "2"]
[SourceVersionDate "2009.09.16"]
[SourceQuality "1"]

1. d4 Nf6 2. c4 g6 3. Nc3 d5 4. Bf4 Bg7 5. e3 0-0 6. cxd5 Nxd5 7. Nxd5 Qxd5 8. Bxc7 Na6 9. Bxa6 bxa6 10. Nf3 Bf5 11. Qb3 Qc6 12. Bg3 Be4 13. 0-0 Bxf3 14. Rfc1 Qe4 15. gxf3 Qxf3 16. Qa3 h5 17. Qxa6 Qg4 18. Kf1 h4 19. Bc7 e5 20. dxe5 Qh3+ 21. Ke2 Qg4+ 22. Ke1 Qg1+ 23. Qf1 Qxh2 24. Rc5 Rac8 25. Rac1 h3 26. Ke2 Rxc7 27. Rxc7 Qxe5 28. Qxh3 Qxb2+ 29. R1c2 Qb5+ 30. R7c4 Rd8 31. Qh4 g5 32. Qh1 Qd7 33. Qc1 Qh3 34. Qg1 Qd7 35. f3 Bf6 36. Kf2 Kg7 37. Rc5 Re8 38. Qg4 Qd6 39. f4 Qd3 40. Rxg5+ Bxg5 41. Qxg5+ Kh7 42. Qh5+ Kg7 43. Re2 Rh8 44. Qe5+ f6 45. Qe7+ Kg6 46. f5+ Qxf5+ 47. Ke1 Rh1+ 48. Kd2 Qd5+ 49. Kc3 Rc1+ 50. Rc2 Rxc2+ 51. Kxc2 Qxa2+ 52. Kd3 Qd5+ 53. Ke2 Qg2+ 54. Kd3 Qf1+ 55. Kd2 Qf2+ 56. Kd3 Qf5+ 57. e4 Qb5+ 58. Kd2 a5 59. Qd8 Kg5 60. Ke3 Qb3+ 61. Ke2 Qc2+ 62. Ke3 Qc3+ 63. Ke2 Kf4 64. Qd5 Qc2+ 65. Kf1 Ke3 0-1

[Event "Voronezh op-A 13th"]
[Site "Voronezh"]
[Date "2009.06.20"]
[Round "9"]
[White "Stukopin, Andrey"]
[Black "Vorontsov, Nikolay"]
[Result "1-0"]
[WhiteElo "2380"]
[BlackElo "2312"]
[PlyCount "45"]
[EventDate "2009.06.12"]
[EventType "swiss"]
[EventRounds "9"]
[EventCountry "RUS"]
[SourceTitle "CBM 130 Extra"]
[Source "ChessBase"]
[SourceDate "2009.07.02"]
[SourceVersion "2"]
[SourceVersionDate "2009.07.15"]
[SourceQuality "1"]

1. e4 c6 2. d3 d5 3. Nd2 dxe4 4. dxe4 e5 5. Ngf3 Nd7 6. Bc4 Be7 7. 0-0 Ngf6 8. a4 0-0 9. b3 Qc7 10. Bb2 Bd6 11. Bd3 Re8 12. Nc4 Bf8 13. a5 Rb8 14. Ra2 g6 15. Qa1 Bg7 16. Ncxe5 Nxe4 17. Nxf7 Bxb2 18. Qxb2 Kxf7 19. Bxe4 Nc5 20. Bd3 Nxd3 21. cxd3 Bg4 22. Ng5+ Kg8 23. Ne4 1-0